|
|
|
|
| LEADER |
00000nam0a2200000 4500 |
| 001 |
375611 |
| 005 |
20231101051637.0 |
| 035 |
|
|
|a (RuTPU)RU\TPU\retro\33050
|
| 035 |
|
|
|a RU\TPU\book\207322
|
| 090 |
|
|
|a 375611
|
| 100 |
|
|
|a 20221220d1935 m y0rusy50 ca
|
| 101 |
0 |
|
|a rus
|
| 102 |
|
|
|a RU
|
| 105 |
|
|
|a y z 000zy
|
| 200 |
1 |
|
|a Черная металлургия СССР в первой пятилетке
|f под ред. А. Воробьевой
|
| 210 |
|
|
|a Москва
|c Соцэкгиз
|d 1935
|
| 215 |
|
|
|a 308 с.
|
| 610 |
1 |
|
|a черная металлургия
|
| 610 |
1 |
|
|a СССР
|
| 610 |
1 |
|
|a строительство
|
| 610 |
1 |
|
|a реконструкция
|
| 610 |
1 |
|
|a производство
|
| 610 |
1 |
|
|a сырьевая база
|
| 610 |
1 |
|
|a трубное производство
|
| 610 |
1 |
|
|a географическое размещение
|
| 610 |
1 |
|
|a капиталистические страны
|
| 610 |
1 |
|
|a рентабельность
|
| 675 |
|
|
|a 669
|v 3
|
| 702 |
|
1 |
|a Воробьева
|b А.
|4 340
|
| 801 |
|
1 |
|a RU
|b 63413507
|c 20110120
|
| 801 |
|
2 |
|a RU
|b 63413507
|c 20221220
|g RCR
|
| 942 |
|
|
|c BK
|